000 00518nam a22001697u 4500
008 130405s1922 xxu||||| |||| 00| 0 fre d
041 _afre
100 1 _aLagrange, Marie-Joseph
_d(1855-1938)
_c(O.P.)
_911938
245 0 0 _aÉvangile selon Saint Marc...
_cMarie Joseph Lagrange
260 _aParis:
_bGabalda,
_c1922
300 _aXIV,177 p.
_c;17 cm.
490 0 _aÉtudes Bibliques
500 _aHay otros dos ejemplares con RR. 673,674
630 0 4 _aBiblia
_pN.T.
_pEvangelios
_913405
942 _cBK
001 27831
999 _c238877
_d238877